| 000 | 01589nam a2200385 c 4500 | ||
|---|---|---|---|
| 003 | BLK | ||
| 005 | 20211005111705.0 | ||
| 008 | 180408b bul|||||r ||||||| ||bul|| | ||
| 010 | _aKNG00076047000 | ||
| 020 |
_a954-745-098-0 _bиздат.: Регалия 6 |
||
| 040 | _aBLK | ||
| 041 |
_aBUL _cBUL |
||
| 080 |
_aИнформатика в основното училище _b372.868.13 _x(076)(075.2) _z372.868.13(076)(075.2) |
||
| 080 |
_aОсновно образование _b372.4 _x:371.38(076)(075.2) _z372.4:371.38(076)(075.2) |
||
| 100 | 1 |
_aИлиева, Весела _eпърви автор _9371339 |
|
| 700 | 1 |
_aИванов, Ивайло Огнянов _eсъавт. _9295521 |
|
| 139 |
_aИлиева, Весела и др. _bИ 52 |
||
| 245 | 1 | 0 |
_aОбразователни игри _cВесела Илиева; съавт. Ивайло Огнянов Иванов. |
| 257 | _aBGR | ||
| 260 |
_аСофия _bРегалия 6 _c2006 |
||
| 300 |
_a64 с. _bс ил. _c20Х20 см |
||
| 380 | _a3 | ||
| 490 | 1 | _aКомпютърът в началното училище | |
| 650 | 4 |
_aЕИМ - учебници за основни училища _9279518 |
|
| 650 | 4 |
_aПриложни програми _9260648 |
|
| 650 | 4 |
_aДидактически игри - в основното училище _9295522 |
|
| 653 | _aобразование | ||
| 653 | _aдидактически игри | ||
| 653 | _aкомпютърни игри | ||
| 852 | _aЦб 234610 | ||
| 856 | 4 |
_qpdf _u |
|
| 856 | 4 |
_qpdf _u |
|
| 942 |
_cKNG _n0 _01 |
||
| 944 |
_aCR _c27.06.2007 _kНаталия_Медовщикова |
||
| 944 |
_aED _c31.10.2008 _k |
||
| 999 |
_c71675 _d71675 |
||